00429nam a22001457a 4500008004100000020001500041100001800056245007400074250001100148260003400159300002300193650002400216650001400240700002900254160208b xxu||||| |||| 00| 0 eng d a1284041583 aMcGonigle Dee aNursing Informatics/band the Foundation of Knowledge cDee McGonigle a3rd Ed aUSAbJones and Bartlettc2015 axxx, 580 p. bill. 2Nursing Informatics 2Knowledge aKathleen Garver Mastrian